000 00849nam a2200229 i 4500
001 56124
003 ES-MaACL
005 20250822062528.0
007 t|
008 031003s1963 sp ||||1| spa d
100 1 _aDíaz-Plaja, Guillermo,
_d1909-1984
_9162428
245 1 0 _aCuestión de límites
_b: cuatro ejemplos de estéticas fronterizas : (Cervantes, Velázquez, Goya, el cine) /
_cGuillermo Díaz-Plaja.
260 _aMadrid :
_bRevista de Occidente,
_c1963.
300 _a232 p. ;
_c20 cm.
600 1 4 _aCervantes Saavedra, Miguel de,
_d1547-1616-
_xCrítica e interpretación
_937602
600 1 4 _aVelázquez, Diego,
_d1599-1660
_9113793
600 1 4 _aGoya, Francisco de,
_d1746-1828
_9240353
650 7 _aEstética cinematográfica
_2embne
_912542
852 _aES-MaACL
_jC-24667
942 _2udc
999 _c56124
_d56124